000 00840nam a2200253Ia 4500
003 GCL
008 140319s9999 xx 000 0 ara d
040 _aGCL /
_cGCL
082 0 4 _a819
_bج م
100 1 _aشريف النشاشيبى
245 1 0 _aمختار البيان والتبين /
_cشريف النشاشيبى
700 1 _aخليل بيبرس
700 1 _aالجاحظ : ابوعثمان عمرو بن بحر محبوب
260 _aبيروت :
_bالمطبعة البولسية ،
_c1988
300 _a224 ص ؛
_c26 سم
490 _a
650 0 4 _aالشعر العربى
650 0 4 _aالادب العربى
650 0 4 _aدواوين وقصائد
650 0 4 _aالبلاغة العربية
650 0 4 _aالدولة العباسية الثانية
650 0 4 _aالمجموعات
942 _2ddc
_cBK
999 _c56130
_d56130